000
00223 a2200097 4500
001
30737
100
_a
Thompson, V
245
_a
Labor Problems in Southeast Asia
260
_a
London
_b
John Murray
_c
090
_c
20669
_d
20669
942
_a
NUST-CAE
_c
M
_c
11857
999
_c
265810
_d
265810